Statistics for Books of "A Song of Ice and Fire"

Click here to take the quiz!

General Stats

  • This quiz has been taken 11,184 times
  • The average score is 5 of 7

Answer Stats

PublishedBook% Correct
1996A Game of Thrones
97%
2005A Feast for Crows
73%
2011A Dance with Dragons
71%
Probably neverThe Winds of Winter
71%
1999A Clash of Kings
70%
2000A Storm of Swords
67%
Definitely neverA Dream of Spring
49%

Score Distribution

Percentile by Number Answered

Percent of People with Each Score

Your Score History

You have not taken this quiz